Исследование влияния времени выщелачивания на количество извлекаемого железа для руды с ненарушенной структурой в динамических условиях; Химия и химическая технология в XXI веке; Т. 1
| Parent link: | Химия и химическая технология в XXI веке: материалы XII Всероссийской научно-практической конференции студентов и молодых ученых с международным участием, Томск, 11-13 мая 2011 г./ Национальный исследовательский Томский политехнический университет (ТПУ), Институт природных ресурсов (ИПР).— , 2011 Т. 1.— 2011.— [С. 1-2] |
|---|---|
| Autore principale: | |
| Altri autori: | , |
| Riassunto: | Заглавие с титульного листа Электронная версия печатной публикации |
| Lingua: | russo |
| Pubblicazione: |
2011
|
| Serie: | Секция 1. Химия и химическая технология неорганических веществ и материалов |
| Soggetti: | |
| Accesso online: | http://www.lib.tpu.ru/fulltext/v/Conferences/2011/C5/C5a1.pdf |
| Natura: | MixedMaterials Elettronico Capitolo di libro |
| KOHA link: | https://koha.lib.tpu.ru/cgi-bin/koha/opac-detail.pl?biblionumber=208153 |
MARC
| LEADER | 00000naa2a2200000 4500 | ||
|---|---|---|---|
| 001 | 208153 | ||
| 005 | 20260218141224.0 | ||
| 035 | |a (RuTPU)RU\TPU\book\227213 | ||
| 035 | |a RU\TPU\book\225641 | ||
| 090 | |a 208153 | ||
| 100 | |a 20120201d2011 k y0rusy50 ca | ||
| 101 | 0 | |a rus | |
| 102 | |a RU | ||
| 135 | |a drnn ---uucaa | ||
| 181 | 0 | |a i | |
| 182 | 0 | |a b | |
| 200 | 1 | |a Исследование влияния времени выщелачивания на количество извлекаемого железа для руды с ненарушенной структурой в динамических условиях |f Р. Р. Абдюшев, А. Ю. Тамурко |g науч. рук. С. Г. Маслов | |
| 203 | |a Текст |c электронный | ||
| 215 | |a 1 файл (442 Кб) | ||
| 225 | 1 | |a Секция 1. Химия и химическая технология неорганических веществ и материалов | |
| 300 | |a Заглавие с титульного листа | ||
| 300 | |a Электронная версия печатной публикации | ||
| 320 | |a [Библиогр.: с. 2 (3 назв.)] | ||
| 337 | |a Adobe Reader | ||
| 461 | 1 | |0 (RuTPU)RU\TPU\book\218704 |t Химия и химическая технология в XXI веке |o материалы XII Всероссийской научно-практической конференции студентов и молодых ученых с международным участием, Томск, 11-13 мая 2011 г. |o в 2 т. |f Национальный исследовательский Томский политехнический университет (ТПУ), Институт природных ресурсов (ИПР) |d 2011 | |
| 463 | 1 | |0 (RuTPU)RU\TPU\book\218882 |t Т. 1 |v [С. 1-2] |d 2011 | |
| 610 | 1 | |a железорудные месторождения | |
| 610 | 1 | |a железо | |
| 610 | 1 | |a подземное выщелачивание | |
| 610 | 1 | |a извлечение | |
| 610 | 1 | |a структуры | |
| 610 | 1 | |a динамические условия | |
| 610 | 1 | |a труды учёных ТПУ | |
| 610 | 1 | |a электронный ресурс | |
| 700 | 1 | |a Абдюшев |b Р. Р. | |
| 701 | 1 | |a Тамурко |b А. Ю. | |
| 702 | 1 | |a Маслов |b С. Г. |c специалист в области химической технологии топлива |c доцент Томского политехнического университета, кандидат технических наук |f 1939- |g Станислав Григорьевич |3 (RuTPU)RU\TPU\pers\26203 |4 727 | |
| 801 | 1 | |a RU |b 63413507 |c 20120118 | |
| 801 | 2 | |a RU |b 63413507 |c 20130218 |g RCR | |
| 856 | 4 | |u http://www.lib.tpu.ru/fulltext/v/Conferences/2011/C5/C5a1.pdf | |
| 942 | |c CF | ||